Vznikla Slovenská živnostenská komora

V zmysle zákona č. 126/1998 Z.z. bola ustanovená dňa 12. decembra 1998 Slovenská živnostenská komora. Jej vznikom sa odstráni súčasná roztrieštenosť reprezentácie podnikateľského stavu organizovaného na základe zákona č. 83/1990 Zb. o združovaní občanov. Z tohto dôvodu bude nutná novela súčasného pl...

Ausführliche Beschreibung

Gespeichert in:
Bibliographische Detailangaben
1. Verfasser: Hruštinec, Dušan
Format: Buchkapitel
Sprache:Slowakisch
Schlagworte:
Tags: Tag hinzufügen
Keine Tags, Fügen Sie das erste Tag hinzu!

MARC

LEADER 00000naa a2200000 4500
001 r034087
005 20230825081833.8
041 0 |a slo 
044 |a SK 
245 1 0 |a Vznikla Slovenská živnostenská komora  |c Dušan Hruštinec 
520 |a V zmysle zákona č. 126/1998 Z.z. bola ustanovená dňa 12. decembra 1998 Slovenská živnostenská komora. Jej vznikom sa odstráni súčasná roztrieštenosť reprezentácie podnikateľského stavu organizovaného na základe zákona č. 83/1990 Zb. o združovaní občanov. Z tohto dôvodu bude nutná novela súčasného platného živnostenského zákona č. 455/1991 Z.z. 
610 2 0 |a komory živnostenské 
610 2 0 |a podnikanie 
610 2 0 |a živnosti 
610 2 0 |a živnostníci 
610 2 0 |a zákony 
610 2 0 |a Slovensko 
610 2 0 |a 1998 
100 1 |a Hruštinec, Dušan